含龙的常见四字成语 Common 4-character idioms with “dragon” - Statistics

General Stats
  • This quiz has been taken 7 times
  • The average score is 10 of 189
Answer Stats
成语 % Correct
lt 龙腾虎跃
100%
lm 龙马精神
86%
fl 飞龙在天
57%
kl 亢龙有悔
57%
lf 龙飞凤舞
57%
yg 叶公好龙
57%
lf 龙凤呈祥
43%
lz 龙争虎斗
43%
bz 笔走龙蛇
29%
cs 车水马龙
29%
el 二龙戏珠
29%
hj 虎踞龙盘
29%
hl 画龙点睛
29%
lp 龙盘虎踞
29%
lt 龙潭虎穴
29%
lx 龙行虎步
29%
ly 龙吟虎啸
29%
sl 生龙活虎
29%
xl 降龙伏虎
29%
zl 真龙天子
29%
zz 掷杖成龙
29%
cl 藏龙卧虎
14%
cl 乘龙快婿
14%
fh 伏虎降龙
14%
hd 虎斗龙争
14%
hx 虎穴龙潭
14%
ls 龙生九子
14%
lt 龙腾虎踞
14%
lx 龙骧虎步
14%
ql 潜龙勿用
14%
sz 岁在龙蛇
14%
wh 卧虎藏龙
14%
yy 鱼跃龙门
14%
bd 笔底龙蛇
0%
bl 白龙鱼服
0%
bl 扳龙附凤
0%
cl 乘龙佳婿
0%
cl 乘龙配凤
0%
cs 禅世雕龙
0%
dc 鼎成龙去
0%
dc 鼎成龙升
0%
df 打凤捞龙
0%
df 打凤牢龙
0%
dh 鼎湖龙去
0%
dl 雕龙画凤
0%
dx 得婿如龙
0%
fb 凤表龙姿
0%
ff 凤附龙攀
0%
ff 附凤攀龙
0%
fg 凤骨龙姿
0%
fh 风虎云龙
0%
fk 凤狂龙躁
0%
fl 放龙入海
0%
fl 飞龙乘云
0%
fl 伏龙凤雏
0%
fm 凤毛龙甲
0%
fs 凤髓龙肝
0%
fw 凤舞龙飞
0%
fw 凤舞龙蟠
0%
fx 凤箫龙管
0%
fz 凤翥龙蟠
0%
fz 凤翥龙骧
0%
fz 凤翥龙翔
0%
fz 凤子龙孙
0%
gd 贯斗双龙
0%
gl 龟龙鳞凤
0%
gl 龟龙片甲
0%
hb 虎变龙蒸
0%
hb 虎步龙行
0%
hc 虎超龙骧
0%
hg 鹤骨龙筋
0%
hj 虎据龙蟠
0%
hj 虎踞龙蟠
0%
hk 虎窟龙潭
0%
hl 虎略龙韬
0%
hl 画龙刻鹄
0%
hl 黄龙痛饮
0%
hl 活龙活现
0%
hl 火龙黼黻
0%
hw 虎卧龙跳
0%
hz 虎掷龙拿
0%
jh 酒虎诗龙
0%
jh 踞虎盘龙
0%
jl 蛟龙得水
0%
jl 蛟龙戏水
0%
jl 酒龙诗虎
0%
jr 矫若惊龙
0%
jr 矫若游龙
0%
jz 骥子龙文
0%
kf 跨凤乘龙
0%
ld 龙德在田
0%
ld 龙蹲虎踞
0%
lf 麟凤龟龙
0%
lg 龙肝豹胎
0%
lg 龙肝凤脑
0%
lg 龙肝凤髓
0%
lh 龙胡之痛
0%
lh 龙虎风云
0%
lh 龙化虎变
0%
lj 龙精虎猛
0%
lj 龙驹凤雏
0%
lj 龙举云兴
0%
lj 龙举云属
0%
ll 来龙去脉
0%
ll 龙楼凤城
0%
ll 龙楼凤池
0%
lm 老迈龙钟
0%
lm 龙门点额
0%
lm 龙鸣狮吼
0%
ln 龙拏虎攫
0%
ln 龙拏虎跳
0%
ln 龙拏虎掷
0%
lp 龙盘凤翥
0%
lp 龙盘虎拏
0%
lp 龙蟠凤逸
0%
lp 龙蟠凤翥
0%
lp 龙蟠虎踞
0%
lp 龙蟠虎绕
0%
lq 龙去鼎湖
0%
ls 流水游龙
0%
ls 龙蛇飞动
0%
ls 龙蛇飞舞
0%
ls 龙蛇混杂
0%
ls 龙神马壮
0%
lt 老态龙钟
0%
lt 龙潭虎窟
0%
lt 龙韬豹略
0%
lt 龙跳虎卧
0%
lt 龙头蛇尾
0%
lx 龙骧凤矫
0%
lx 龙骧虎视
0%
lx 龙骧麟振
0%
lx 龙翔虎跃
0%
lx 龙兴云属
0%
lx 龙行虎变
0%
lx 龙血玄黄
0%
ly 龙阳泣鱼
0%
ly 龙驭上宾
0%
ly 龙御上宾
0%
ly 龙跃凤鸣
0%
lz 龙战玄黄
0%
lz 龙章凤姿
0%
lz 龙蛰蠖屈
0%
ml 马龙车水
0%
mr 马如游龙
0%
pf 炮凤烹龙
0%
pl 攀龙附凤
0%
pl 攀龙附骥
0%
pl 盘龙之癖
0%
pl 炮龙烹凤
0%
pl 烹龙炮凤
0%
pl 烹龙煮凤
0%
ps 暴腮龙门
0%
pt 配套成龙
0%
ql 群龙无首
0%
qm 雀马鱼龙
0%
rj 日角龙庭
0%
rj 日角龙颜
0%
rl 如龙似虎
0%
rz 人中龙虎
0%
rz 人中之龙
0%
sj 尸居龙见
0%
sl 神龙见首
0%
tl 屠龙之技
0%
tl 土龙刍狗
0%
ty 痛饮黄龙
0%
xl 匣里龙吟
0%
yd 药店飞龙
0%
yl 一龙一蛇
0%
yl 一龙一猪
0%
yl 鱼龙百变
0%
yl 鱼龙变化
0%
yl 鱼龙混杂
0%
yl 鱼龙曼羡
0%
yl 鱼龙曼衍
0%
yl 鱼龙漫衍
0%
yl 元龙高卧
0%
yl 元龙豪气
0%
yl 云龙风虎
0%
yl 云龙井蛙
0%
yq 云起龙襄
0%
yq 云起龙骧
0%
ys 一世龙门
0%
ys 鱼升龙门
0%
yy 游云惊龙
0%
yz 云蒸龙变
0%
zd 直捣黄龙
0%
zl 真龙活现
0%
zl 祖龙之虐
0%
No matching quizzes found
Score Distribution
Percent of People with Each Score
Percentile by Number Answered
Your Score History
You have not taken this quiz